[Event "RLP-ch Seniors 26th"]
[Site "Ludwigshafen"]
[Date "2007.07.21"]
[Round "7"]
[White "Paulsen, Eckart"]
[Black "Breitling, Winfried"]
[Result "1-0"]
[WhiteElo "1833"]
[BlackElo "1779"]
[PlyCount "147"]
[EventDate "2007.07.15"]
[EventType "swiss"]
[EventRounds "7"]
[EventCountry "GER"]
[SourceTitle "EXT 2009"]
[Source "ChessBase"]
[SourceDate "2008.11.26"]
[SourceVersion "1"]
[SourceVersionDate "2008.11.26"]
[SourceQuality "1"]

1. d4 d5 2. Nf3 Nf6 3. Bf4 Bf5 4. e3 c6 5. c4 e6 6. Qb3 Qa5+ 7. Nc3 Qb6 8. c5 Qxb3 9. axb3 a6 10. b4 Nbd7 11. b5 Ne4 12. b6 Be7 13. Be2 h6 14. h3 g5 15. Bh2 g4 16. hxg4 Bxg4 17. Bf4 h5 18. Nxe4 dxe4 19. Ng5 Bxe2 20. Kxe2 Bxg5 21. Bxg5 f6 22. Bh4 0-0-0 23. Rh3 Rdf8 24. Rah1 Rh7 25. Bg3 Rfh8 26. Bd6 f5 27. f3 exf3+ 28. gxf3 Kd8 29. Kf2 Ke8 30. Rg1 Kf7 31. Rg5 Kf6 32. Rhg3 Kf7 33. e4 h4 34. Rh3 Kf6 35. Rg1 e5 36. dxe5+ Nxe5 37. exf5 Kxf5 38. Bxe5 Kxe5 39. Rg4 Kd5 40. b4 Ke5 41. Ke3 Kf5 42. Rf4+ Kg5 43. Re4 Kf5 44. Ke2 Kg5 45. Kf2 Kf5 46. Ke3 Kg5 47. Re5+ Kf6 48. f4 Re7 49. Rxe7 Kxe7 50. Kf3 Kf6 51. Kg4 Rd8 52. Rxh4 Rd4 53. Rh7 Rxb4 54. Rxb7 Ke6 55. Rg7 Kf6 56. Rd7 a5 57. Rd6+ Ke7 58. Rxc6 a4 59. Rc7+ Kd8 60. Ra7 Kc8 61. Kf5 Rc4 62. Ra5 a3 63. Ke6 a2 64. Rxa2 Rxc5 65. Rb2 Kb7 66. f5 Rc6+ 67. Ke7 Rh6 68. f6 Rh7+ 69. f7 Kb8 70. Ke8 Kb7 71. f8Q Rd7 72. Qf3+ Kb8 73. Qf4+ Kb7 74. Kxd7 1-0

[Event "Brandenburg Seniors op 16th"]
[Site "Rowy"]
[Date "2007.06.24"]
[Round "6"]
[White "Breitling, Winfried"]
[Black "Zuechner, Georg"]
[Result "1/2-1/2"]
[WhiteElo "1779"]
[BlackElo "1683"]
[PlyCount "108"]
[EventDate "2007.06.18"]
[EventType "swiss"]
[EventRounds "9"]
[EventCountry "POL"]
[SourceTitle "EXT 2011"]
[Source "ChessBase"]
[SourceDate "2010.11.26"]
[SourceVersion "1"]
[SourceVersionDate "2010.11.26"]
[SourceQuality "1"]

1. d4 Nf6 2. Nf3 e6 3. Bf4 Be7 4. e3 Nh5 5. c4 Nxf4 6. exf4 d5 7. Nc3 c6 8. Bd3 Nd7 9. Qc2 Nf6 10. Ne5 a6 11. 0-0 dxc4 12. Bxc4 Qxd4 13. g3 Qd6 14. Rad1 Nd5 15. Ne4 Qb8 16. a3 0-0 17. Rfe1 h6 18. Ba2 Re8 19. Bb1 f5 20. Nc5 Bxc5 21. Qxc5 Qc7 22. Bxf5 exf5 23. Rxd5 Be6 24. Rd2 Rad8 25. Qc3 Rxd2 26. Qxd2 Rd8 27. Qc3 Qd6 28. b4 Bd5 29. h4 Re8 30. Nd3 Rxe1+ 31. Qxe1 Be4 32. Nc5 Qd5 33. Nxe4 fxe4 34. Qe3 Kf7 35. Kg2 h5 36. f3 exf3+ 37. Qxf3 Ke6 38. Kf2 Qf5 39. Qb3+ Kd6 40. Qc3 Ke6 41. Qxg7 Qc2+ 42. Ke3 Qb3+ 43. Ke4 Qc2+ 44. Ke3 Qc1+ 45. Kd3 Qxa3+ 46. Qc3 Qxc3+ 47. Kxc3 b6 48. Kc4 Kf5 49. Kd4 Ke6 50. Ke4 Kf6 51. Kd4 Kf5 52. Ke3 Ke6 53. Ke4 Kf6 54. Kd4 Kf5 1/2-1/2

[Event "Brandenburg Seniors op 15th"]
[Site "Rowy"]
[Date "2006.06.28"]
[Round "9"]
[White "Breitling, Winfried"]
[Black "Casny, Guenter"]
[Result "0-1"]
[WhiteElo "1566"]
[BlackElo "1734"]
[PlyCount "76"]
[EventDate "2006.06.19"]
[EventType "swiss"]
[EventRounds "9"]
[EventCountry "POL"]
[SourceTitle "EXT 2007"]
[Source "ChessBase"]
[SourceDate "2006.11.23"]
[SourceVersion "1"]
[SourceVersionDate "2006.11.23"]
[SourceQuality "1"]

1. d4 Nf6 2. Nf3 b6 3. Bf4 Bb7 4. e3 Nh5 5. Ne5 Nxf4 6. exf4 Nc6 7. c4 e6 8. Nc3 Be7 9. d5 exd5 10. cxd5 Nb8 11. a3 0-0 12. Rc1 d6 13. Nf3 Re8 14. Bb5 Nd7 15. 0-0 a6 16. Bc6 Bxc6 17. dxc6 Nf6 18. Nd5 Nxd5 19. Qxd5 Bf6 20. Rc2 Qe7 21. h3 Qe4 22. Qxe4 Rxe4 23. g3 Rae8 24. Ng5 Re2 25. Rfc1 Bxb2 26. Rxe2 Rxe2 27. Rb1 h6 28. Nf3 Rc2 29. Kg2 Bxa3 30. Nd4 Rb2 31. Rc1 Bc5 32. Nf5 Bxf2 33. Kf3 Bc5 34. Re1 d5 35. Re8+ Kh7 36. Rd8 g6 37. Nh4 Rf2+ 38. Kg4 h5+ 0-1

[Event "Kurpfalz Seniors op 11th"]
[Site "Ludwigshafen"]
[Date "2005.09.19"]
[Round "2"]
[White "Breitling, Winfried"]
[Black "Mecker, Hans Joachim"]
[Result "1-0"]
[WhiteElo "1518"]
[BlackElo "1423"]
[PlyCount "125"]
[EventDate "2005.09.18"]
[EventType "swiss"]
[EventRounds "7"]
[EventCountry "GER"]
[SourceTitle "EXT 2007"]
[Source "ChessBase"]
[SourceDate "2006.11.23"]
[SourceVersion "1"]
[SourceVersionDate "2006.11.23"]
[SourceQuality "1"]

1. d4 d5 2. Nf3 Bf5 3. Bf4 Nf6 4. e3 Nbd7 5. c4 e6 6. Nc3 Bb4 7. Qb3 Bxc3+ 8. bxc3 Rb8 9. c5 0-0 10. h3 Re8 11. Qa4 a6 12. Ne5 Nxe5 13. Bxe5 Ne4 14. Qa5 Qh4 15. g3 Qh6 16. Bxc7 Rbc8 17. Rc1 f6 18. Qb6 e5 19. Qxb7 Re7 20. Qxd5+ Kh8 21. Bd6 Rd7 22. Bxa6 Rcd8 23. Bb5 Rc7 24. dxe5 Rxc5 25. Qb7 Rcc8 26. Qe7 fxe5 27. Bxe5 Qg6 28. g4 Be6 29. a4 Rf8 30. f4 Rf7 31. Qb4 Bd5 32. f5 Qh6 33. Qd4 Qh4+ 34. Kd1 Bb3+ 35. Rc2 Rd8 36. Kc1 Rxd4 37. Bxd4 Bxc2 38. Kxc2 Qf2+ 39. Kb3 Nd2+ 40. Kb4 Ne4 41. Rd1 Qb2+ 42. Ka5 Qb3 43. Rd3 Nf2 44. Rd2 Nxh3 45. c4 Ng5 46. Rb2 Qd1 47. Bc6 h6 48. Rb8+ Kh7 49. Be8 Qe1+ 50. Ka6 Qf1 51. Bxf7 Nxf7 52. Rc8 Qf3 53. Rc7 Qa8+ 54. Ba7 Qe8 55. a5 Kg8 56. Bd4 Qa8+ 57. Kb5 Qb8+ 58. Bb6 Nd6+ 59. Kb4 Nc8 60. c5 Kf8 61. Kb5 Ne7 62. Rd7 Qa8 63. Rd8+ 1-0

[Event "Rowy Jantar op"]
[Site "Rowy"]
[Date "2005.06.29"]
[Round "9"]
[White "Janocha, Jan"]
[Black "Breitling, Winfried"]
[Result "1-0"]
[WhiteElo "1787"]
[BlackElo "1519"]
[PlyCount "91"]
[EventDate "2005.06.20"]
[EventType "swiss"]
[EventRounds "9"]
[EventCountry "POL"]
[SourceTitle "EXT 2007"]
[Source "ChessBase"]
[SourceDate "2006.11.23"]
[SourceVersion "1"]
[SourceVersionDate "2006.11.23"]
[SourceQuality "1"]

1. f4 d5 2. d4 Nf6 3. Nf3 Nbd7 4. e3 e6 5. Bd3 c5 6. c3 c4 7. Bc2 Ne4 8. Nbd2 Ndf6 9. Qe2 b5 10. a3 Nxd2 11. Nxd2 g6 12. e4 dxe4 13. Nxe4 Bb7 14. 0-0 Bg7 15. Bd2 Nxe4 16. Bxe4 Bxe4 17. Qxe4 0-0 18. Be3 Qd5 19. Qc2 a5 20. g3 Rfd8 21. Qg2 h5 22. h3 Qxg2+ 23. Kxg2 Rd5 24. Kf3 a4 25. Rf2 Rad8 26. g4 R8d7 27. Raf1 Bh6 28. f5 hxg4+ 29. hxg4 Bxe3 30. Kxe3 exf5 31. gxf5 Re7+ 32. Kd2 Rxf5 33. Rxf5 gxf5 34. Rxf5 Rb7 35. Ke3 Kf8 36. Ke4 Ke7 37. Ke5 Rd7 38. Rf6 Rd5+ 39. Kxd5 Kxf6 40. Kc5 Ke6 41. Kc6 Ke7 42. Kxb5 f5 43. Kxc4 Ke6 44. Kd3 Kd5 45. c4+ Kd6 46. Ke3 1-0

[Event "Rowy Jantar op"]
[Site "Rowy"]
[Date "2005.06.27"]
[Round "7"]
[White "Assmann, Hans"]
[Black "Breitling, Winfried"]
[Result "1-0"]
[WhiteElo "1782"]
[BlackElo "1519"]
[PlyCount "41"]
[EventDate "2005.06.20"]
[EventType "swiss"]
[EventRounds "9"]
[EventCountry "POL"]
[SourceTitle "EXT 2007"]
[Source "ChessBase"]
[SourceDate "2006.11.23"]
[SourceVersion "1"]
[SourceVersionDate "2006.11.23"]
[SourceQuality "1"]

1. e4 g6 2. Nf3 Bg7 3. Nc3 d6 4. h3 e5 5. Bc4 Ne7 6. d3 Nbc6 7. a3 0-0 8. Be3 a6 9. 0-0 b5 10. Ba2 Bd7 11. Bg5 Qc8 12. Nh2 Be6 13. Nd5 f6 14. Be3 f5 15. c4 f4 16. Bd2 Nd4 17. Nxe7+ Kh8 18. Nxc8 Bxc8 19. Bc3 c5 20. Bxd4 cxd4 21. b4 1-0

[Event "Rowy Jantar op"]
[Site "Rowy"]
[Date "2005.06.26"]
[Round "6"]
[White "Breitling, Winfried"]
[Black "Beckmann, Manfred"]
[Result "0-1"]
[WhiteElo "1519"]
[BlackElo "1872"]
[PlyCount "62"]
[EventDate "2005.06.20"]
[EventType "swiss"]
[EventRounds "9"]
[EventCountry "POL"]
[SourceTitle "EXT 2007"]
[Source "ChessBase"]
[SourceDate "2006.11.23"]
[SourceVersion "1"]
[SourceVersionDate "2006.11.23"]
[SourceQuality "1"]

1. d4 e6 2. Nf3 d5 3. Bf4 c5 4. e3 Nc6 5. Ne5 Nxe5 6. Bxe5 f6 7. Bg3 Qb6 8. b3 cxd4 9. exd4 Ne7 10. Bd3 Bd7 11. c3 0-0-0 12. 0-0 Nf5 13. Bf4 g5 14. Be3 Bd6 15. Qh5 Be8 16. Qe2 Qc7 17. g3 h5 18. c4 Bc6 19. c5 Be7 20. Nc3 a6 21. b4 h4 22. b5 axb5 23. Nxb5 Bxb5 24. Bxb5 hxg3 25. fxg3 Rh3 26. Rf2 Rdh8 27. Rg2 Nxg3 28. Qg4 f5 29. Qd1 Ne4 30. Bd2 Rxh2 31. Be1 Rh1# 0-1

[Event "Brandenburg Seniors op 13th"]
[Site "Rowy"]
[Date "2004.06.22"]
[Round "2"]
[White "Breitling, Winfried"]
[Black "Fietzek, Georg"]
[Result "0-1"]
[WhiteElo "1525"]
[BlackElo "1825"]
[PlyCount "140"]
[EventDate "2004.06.21"]
[EventType "swiss"]
[EventRounds "9"]
[EventCountry "POL"]
[SourceTitle "EXT 2006"]
[Source "ChessBase"]
[SourceDate "2005.11.24"]
[SourceVersion "1"]
[SourceVersionDate "2005.11.24"]
[SourceQuality "1"]

1. d4 Nf6 2. Nf3 g6 3. Bf4 Bg7 4. c4 d6 5. Nc3 c6 6. e3 Nbd7 7. Qc2 0-0 8. Be2 Re8 9. 0-0 e5 10. dxe5 dxe5 11. Bg5 Qc7 12. h3 Nc5 13. b4 Ne6 14. Bh4 Bd7 15. Rfd1 Rad8 16. Ne4 Nxe4 17. Bxd8 Nxd8 18. Qxe4 Bf5 19. Qh4 f6 20. g4 Be6 21. e4 g5 22. Qg3 Bf7 23. Rd2 Ne6 24. Rad1 Nf4 25. Bf1 a5 26. b5 Be6 27. h4 h6 28. a4 Bf8 29. h5 Bb4 30. Rc2 cxb5 31. axb5 b6 32. Ne1 Qc8 33. f3 Qc5+ 34. Qf2 Qc8 35. Kh1 Bc5 36. Qd2 Be7 37. Ng2 Nxh5 38. gxh5 Bb4 39. Qe2 Bf7 40. Ne3 Bxh5 41. Nf5 Kh7 42. Qd3 Kg6 43. Qd7 Bxf3+ 44. Kh2 Qxd7 45. Rxd7 Bxe4 46. Nd6 Bxd6 47. Rxd6 Bxc2 48. Rxb6 Rc8 49. Ra6 Bb3 50. Rxa5 Bxc4 51. Bxc4 Rxc4 52. Ra8 Rb4 53. Rb8 Rb3 54. b6 Kf5 55. b7 h5 56. Kg2 Kg4 57. Kf2 f5 58. Re8 Rb2+ 59. Ke3 f4+ 60. Ke4 Rxb7 61. Rxe5 Rb3 62. Kd4 h4 63. Re1 Re3 64. Rg1+ Rg3 65. Rh1 h3 66. Ke4 Re3+ 67. Kd4 Re8 68. Rg1+ Kf5 69. Kd3 g4 70. Ra1 g3 0-1

[Event "Kurpfalz Seniors op 07th"]
[Site "Ludwigshafen"]
[Date "2001.10.05"]
[Round "6"]
[White "Schaefer, Gustav"]
[Black "Breitling, Winfried"]
[Result "1-0"]
[WhiteElo "1578"]
[BlackElo "1541"]
[PlyCount "53"]
[EventDate "2001.09.30"]
[EventType "swiss"]
[EventRounds "7"]
[EventCountry "GER"]
[SourceTitle "EXT 2007"]
[Source "ChessBase"]
[SourceDate "2006.11.23"]
[SourceVersion "1"]
[SourceVersionDate "2006.11.23"]
[SourceQuality "1"]

1. e4 c5 2. Nf3 Nc6 3. c3 d6 4. d4 cxd4 5. cxd4 Bg4 6. d5 Qa5+ 7. Nc3 Bxf3 8. Qxf3 Ne5 9. Bb5+ Nd7 10. Bxd7+ Kxd7 11. Qxf7 Nf6 12. 0-0 b5 13. Qe6+ Kd8 14. Be3 Rc8 15. Rfc1 Nd7 16. Ne2 Nc5 17. Bxc5 dxc5 18. a3 Qb6 19. Nf4 Qxe6 20. Nxe6+ Kd7 21. Nxc5+ Ke8 22. Ne6 Rb8 23. Rc7 a5 24. Rac1 Kf7 25. Rc8 Rb7 26. Nd8+ Kf6 27. Nxb7 1-0

[Event "Kurpfalz Seniors op 05th"]
[Site "Ludwigshafen"]
[Date "1999.??.??"]
[Round "?"]
[White "Breitling, Winfried"]
[Black "Koellmer, Hans Peter"]
[Result "1/2-1/2"]
[WhiteElo "1704"]
[BlackElo "1578"]
[PlyCount "68"]
[EventDate "1999.10.09"]
[EventType "swiss"]
[EventRounds "7"]
[EventCountry "GER"]
[SourceTitle "EXT 2007"]
[Source "ChessBase"]
[SourceDate "2006.11.23"]
[SourceVersion "1"]
[SourceVersionDate "2006.11.23"]
[SourceQuality "1"]

1. d4 Nf6 2. Nf3 g6 3. Bf4 Bg7 4. e3 d6 5. c4 0-0 6. Nc3 Nh5 7. Bg5 c6 8. Bd3 Re8 9. 0-0 Qb6 10. Qc2 Na6 11. a3 Bg4 12. Be2 Nb8 13. h3 Bxf3 14. Bxf3 Qa5 15. Bh4 Nf6 16. b4 Qd8 17. Rad1 Qc8 18. e4 e5 19. d5 c5 20. Qa4 Nbd7 21. Be2 Nb6 22. Qb3 Nbd7 23. f3 b6 24. Nb5 Qb8 25. Bf2 Bh6 26. a4 a6 27. Nc3 Qc7 28. Ra1 Nh5 29. a5 Rab8 30. axb6 Rxb6 31. b5 Reb8 32. Rab1 Bf4 33. Be1 Ng3 34. Qc2 a5 1/2-1/2

[Event "Kurpfalz Seniors op 05th"]
[Site "Ludwigshafen"]
[Date "1999.??.??"]
[Round "?"]
[White "Kneip, Jakob1"]
[Black "Breitling, Winfried"]
[Result "0-1"]
[WhiteElo "1534"]
[BlackElo "1704"]
[PlyCount "178"]
[EventDate "1999.10.09"]
[EventType "swiss"]
[EventRounds "7"]
[EventCountry "GER"]
[SourceTitle "EXT 2007"]
[Source "ChessBase"]
[SourceDate "2006.11.23"]
[SourceVersion "1"]
[SourceVersionDate "2006.11.23"]
[SourceQuality "1"]

1. d4 d5 2. c4 Nf6 3. Nc3 Bf5 4. e3 e6 5. a3 Be7 6. b4 a5 7. b5 c6 8. a4 Bb4 9. Bd2 0-0 10. Nf3 Bxc3 11. Bxc3 Ne4 12. Bb2 Bg4 13. Be2 Nd7 14. c5 f5 15. 0-0 f4 16. Nd2 Nxd2 17. Qxd2 f3 18. Bd1 fxg2 19. Re1 Bh3 20. f3 Nf6 21. Bc2 Nh5 22. Qe2 Qf6 23. Bd1 Qg5 24. Bc1 e5 25. dxe5 Qxe5 26. Bb2 Qg5 27. Bd4 Rf7 28. e4 Re8 29. Be3 Nf4 30. Bxf4 Rxf4 31. Qf2 Qg6 32. Qg3 Qxg3 33. hxg3 Rf6 34. e5 Rh6 35. Bc2 g5 36. g4 Rh4 37. Bf5 Re7 38. e6 h5 39. Kf2 Kg7 40. Kg3 Kf6 41. Rad1 hxg4 42. fxg4 Rh8 43. b6 Rh6 44. Rg1 Rh4 45. Rd2 Ke5 46. Re1+ Kf6 47. Rf2 Rh6 48. Be4+ Kg7 49. Bxg2 Bxg2 50. Kxg2 Rhxe6 51. Ref1 Re4 52. Kg3 Rxa4 53. Rf5 Kg6 54. Rf6+ Kg7 55. R6f5 Ra3+ 56. R1f3 Rxf3+ 57. Rxf3 Re4 58. Rf5 Rc4 59. Rxg5+ Kf6 60. Rf5+ Ke6 61. Kh4 a4 62. Kh5 a3 63. Rf2 Rxc5 64. g5 d4 65. Kh6 Rc3 66. g6 Rh3+ 67. Kg7 Rg3 68. Rf6+ Ke5 69. Rf2 c5 70. Kf7 c4 71. g7 Kd5 72. g8Q Rxg8 73. Kxg8 Kc5 74. Rf5+ Kb4 75. Rf2 Kb3 76. Kf7 a2 77. Rf1 Kb2 78. Rf2+ Kb3 79. Ke6 c3 80. Rf1 Kb2 81. Kd6 a1Q 82. Rxa1 Kxa1 83. Kc7 c2 84. Kxb7 d3 85. Ka7 c1Q 86. b7 d2 87. b8Q Qa3+ 88. Kb7 Qb4+ 89. Kc7 Qxb8+ 0-1